Meilleurs Marqueurs Top 14 2024-2025 - Statistiques

Statistiques générales
  • Ce quiz a été pris 24 fois
  • Le résultat moyen est 11 sur 20
Statistiques - réponses
Hint Réponse Try Clubs % Correct
1 Bielle-Biarrey 13 Bordeaux
95%
6 Gailleton 11 Pau
95%
7 Penaud 11 Bordeaux
95%
9 Capuozzo 9 Toulouse
65%
5 Couilloud 11 Lou Rugby
65%
10 Wainiqolo 9 Toulon
65%
2 Dréan 12 Toulon
60%
14 Willis 8 Toulouse
60%
17 Serin 7 Toulon
55%
8 Depoortere 9 Bordeaux
50%
19 Graou 7 Toulouse
50%
13 Leyds 8 Stade Rochelais
50%
3 Maqala 11 Bayonne
50%
18 Raka 7 Clermont
45%
4 Le Garrec 11 Racing 92
40%
20 Thomas 7 Stade Rochelais
35%
16 Baget 7 Castres
25%
15 Mallia 8 Toulouse
25%
12 Moukoro 9 Vannes
25%
11 Macalou 9 Stade Français
20%
Aucun quiz correspondant
Distribution des résultats
% des personnes avec chaque résultat
Percentile par nombre de réponses
Votre historique - résultats
Vous n’avez pas pris ce quiz